000 00382nam a2200181Ia 4500
001 19404
005 20260306172650.0
008 260306t1996||||xx |||||||||||||| ||spa||
041 _aESP
082 _a659.1
_bW44
100 _aWells, William
_eAUT
245 0 _aPublicidad
260 _c1996
300 _a
_c
650 _aGEN
654 _aCAN
942 _cLIB
_dJUS
_fJUS
_2ddc
_n
999 _c19404
_d19404